[Event "Vecindario Canarias op 4th"]
[Site "Vecindario"]
[Date "2010.07.22"]
[Round "6"]
[White "Arencibia Jimenez, Jose Francisco"]
[Black "Biscarri Candalia, Oscar"]
[Result "1/2-1/2"]
[WhiteElo "1744"]
[BlackElo "1527"]
[PlyCount "70"]
[EventDate "2010.07.18"]
[EventType "swiss"]
[EventRounds "9"]
[EventCountry "ESP"]
[SourceTitle "CBM 137 Extra"]
[Source "ChessBase"]
[SourceDate "2010.09.01"]
[SourceVersion "1"]
[SourceVersionDate "2010.09.01"]
[SourceQuality "1"]

1. d4 d5 2. c4 e6 3. Nc3 Nf6 4. Bg5 Nbd7 5. Nf3 Be7 6. e3 0-0 7. Bd3 dxc4 8. Bxc4 c5 9. dxc5 Nxc5 10. 0-0 b6 11. Qe2 Bb7 12. Rfd1 Qc7 13. Nb5 Qb8 14. Bf4 Bxf3 15. Qxf3 e5 16. Bg5 a6 17. Nc3 Ra7 18. Bxf6 Bxf6 19. Nd5 Be7 20. a3 b5 21. Ba2 Ne6 22. Nxe7+ Rxe7 23. Qc6 Qb7 24. Qxb7 Rxb7 25. Bxe6 fxe6 26. Rd6 Kf7 27. e4 Ra7 28. Rad1 Kf6 29. Rc6 Rff7 30. Rdd6 Rfe7 31. Kf1 Rac7 32. Ke2 Rxc6 33. Rxc6 Ra7 34. Ke3 g5 35. g3 Ke7 1/2-1/2

[Event "Las Palmas Dia Universa"]
[Site "Las Palmas"]
[Date "2009.10.29"]
[Round "7.6"]
[White "Leon Manas, Jose Francisco"]
[Black "Arencibia Jimenez, Jose Francisco"]
[Result "0-1"]
[WhiteElo "1715"]
[BlackElo "1736"]
[PlyCount "30"]
[EventDate "2009.10.13"]
[EventType "swiss"]
[EventRounds "7"]
[EventCountry "ESP"]
[SourceTitle "EXT 2024"]
[Source "ChessBase"]
[SourceDate "2023.10.10"]
[SourceVersion "1"]
[SourceVersionDate "2023.10.10"]
[SourceQuality "1"]

1. b4 e5 2. Bb2 Bxb4 3. Bxe5 Nf6 4. c4 0-0 5. Qb3 Nc6 6. Bb2 d5 7. e3 Be6 8. a3 dxc4 9. Bxc4 Na5 10. Qxb4 Nxc4 11. Bc3 Ne4 12. Bd4 b6 13. Bc3 Nc5 14. Qb5 a6 15. Qc6 Bd5 0-1

[Event "Las Palmas Dia Universa"]
[Site "Las Palmas"]
[Date "2009.10.28"]
[Round "6.9"]
[White "Arencibia Jimenez, Jose Francisco"]
[Black "Roque Hernandez, Francisco"]
[Result "1-0"]
[WhiteElo "1736"]
[BlackElo "1778"]
[PlyCount "99"]
[EventDate "2009.10.13"]
[EventType "swiss"]
[EventRounds "7"]
[EventCountry "ESP"]
[SourceTitle "EXT 2024"]
[Source "ChessBase"]
[SourceDate "2023.10.10"]
[SourceVersion "1"]
[SourceVersionDate "2023.10.10"]
[SourceQuality "1"]

1. d4 d5 2. c4 dxc4 3. Nc3 e6 4. Nf3 Nf6 5. Bg5 Be7 6. e3 Nd5 7. Bxe7 Qxe7 8. Bxc4 0-0 9. 0-0 c6 10. Ne2 Nd7 11. Rc1 N7b6 12. Bd3 Nb4 13. Bb1 N4d5 14. Qd3 f5 15. a3 Nf6 16. Ba2 Kh8 17. b4 a6 18. Rc2 Nbd5 19. Rfc1 Bd7 20. Ne5 Ng4 21. Nf3 Be8 22. Nc3 Bg6 23. Nxd5 exd5 24. Re2 Nf6 25. Ne5 Bh5 26. f3 Nd7 27. Nxd7 Qxd7 28. a4 Bg6 29. Bb1 Rae8 30. Qd2 Re6 31. Rce1 Bh5 32. Bd3 Rh6 33. h3 Qd6 34. Rf2 Qg3 35. Kf1 Be8 36. a5 Bd7 37. f4 Rg6 38. Ke2 Re8 39. Kd1 Qh4 40. g4 Qxh3 41. g5 Rge6 42. Rh2 Qf3+ 43. Kc2 Rxe3 44. Rhh1 h6 45. gxh6 g6 46. Rhf1 Qg4 47. Qf2 c5 48. Rg1 Ba4+ 49. Kd2 Rxd3+ 50. Kxd3 1-0

[Event "Las Palmas Dia Universa"]
[Site "Las Palmas"]
[Date "2009.10.15"]
[Round "2.3"]
[White "Gonzalez Intelangelo, Gerardo"]
[Black "Arencibia Jimenez, Jose Francisco"]
[Result "1-0"]
[WhiteElo "2094"]
[BlackElo "1736"]
[PlyCount "133"]
[EventDate "2009.10.13"]
[EventType "swiss"]
[EventRounds "7"]
[EventCountry "ESP"]
[SourceTitle "EXT 2024"]
[Source "ChessBase"]
[SourceDate "2023.10.10"]
[SourceVersion "1"]
[SourceVersionDate "2023.10.10"]
[SourceQuality "1"]

1. c4 e5 2. Nc3 Nf6 3. g3 c6 4. Nf3 Qc7 5. Bg2 g6 6. d3 Bg7 7. Bd2 0-0 8. Rb1 d6 9. b4 Be6 10. 0-0 Nbd7 11. Ng5 Rac8 12. Nxe6 fxe6 13. Bh3 Rfe8 14. e4 d5 15. Qb3 d4 16. Ne2 c5 17. b5 b6 18. a4 Nf8 19. a5 h6 20. f4 Nh5 21. fxe5 Bxe5 22. Rf3 Kg7 23. Rbf1 Nh7 24. Rf7+ Qxf7 25. Bxh6+ Kg8 26. Rxf7 Kxf7 27. Bd2 Ke7 28. g4 Ng7 29. Nf4 g5 30. Ng6+ Kd6 31. Nxe5 Kxe5 32. Be1 Kd6 33. e5+ Kxe5 34. Qd1 Kd6 35. Bg3+ Ke7 36. Qf3 Rcd8 37. axb6 Nf8 38. Be5 Nd7 39. Bxg7 axb6 40. Bg2 Rg8 41. Bh6 Rg6 42. Qh3 Kd6 43. Be4 Rgg8 44. Qg2 Ne5 45. Qg3 Rd7 46. h3 Ra7 47. Qf2 Rga8 48. Bxg5 Ra1+ 49. Kh2 R8a2 50. Bd2 Rd1 51. Qf8+ Kd7 52. Qg7+ Kd6 53. Qb7 Raxd2+ 54. Kg3 Rxd3+ 55. Bxd3 Rxd3+ 56. Kh4 Nxc4 57. g5 Rd1 58. g6 Rg1 59. g7 d3 60. Qb8+ Kd7 61. g8Q Rxg8 62. Qxg8 d2 63. Qh7+ Ke8 64. Qd3 e5 65. Kg5 Ke7 66. Kg6 Ke6 67. Qxc4+ 1-0

[Event "Gran Canaria Cabildo sf"]
[Site "Gran Canaria"]
[Date "2009.03.02"]
[Round "4"]
[White "Schlittermann, Wolfgang"]
[Black "Arencibia Jimenez, Jose Francisco"]
[Result "0-1"]
[WhiteElo "1639"]
[BlackElo "1736"]
[PlyCount "68"]
[EventDate "2009.02.11"]
[EventType "swiss"]
[EventRounds "5"]
[EventCountry "ESP"]
[SourceTitle "EXT 2011"]
[Source "ChessBase"]
[SourceDate "2010.11.26"]
[SourceVersion "1"]
[SourceVersionDate "2010.11.26"]
[SourceQuality "1"]

1. Nf3 Nf6 2. c4 c5 3. Nc3 g6 4. d4 e6 5. d5 exd5 6. cxd5 d6 7. e4 Nbd7 8. Bg5 Bg7 9. Bb5 0-0 10. 0-0 a6 11. Bxd7 Bxd7 12. e5 dxe5 13. Nxe5 Re8 14. Re1 h6 15. Bh4 g5 16. Bg3 Bf5 17. Qb3 Nh5 18. Nf3 Qd7 19. Be5 b5 20. Bxg7 Kxg7 21. Ne5 Qd6 22. Nf3 Nf4 23. Rxe8 Rxe8 24. Re1 Rxe1+ 25. Nxe1 c4 26. Qd1 Kg6 27. Qd2 b4 28. Ne2 Nxe2+ 29. Qxe2 Qxd5 30. Nf3 c3 31. g4 Be4 32. Qxa6+ f6 33. h4 Bxf3 34. h5+ Kg7 0-1